|
|
|
|
| LEADER |
00586nam a22001697a 4500 |
| 008 |
150707b xxu||||| |||| 00| 0 eng d |
| 020 |
|
|
|a 9789380642864
|
| 082 |
|
|
|a 079.54 MUR
|
| 100 |
|
|
|a Murthy, D.V.R.
|
| 245 |
|
|
|a Developmental journalism /
|c D.V.R. Murthy
|
| 250 |
|
|
|a 1st ed.
|
| 260 |
|
|
|a New Delhi :
|b Dominant
|c 2012.
|
| 300 |
|
|
|a 136p.
|
| 650 |
|
|
|a Journalism
|
| 942 |
|
|
|2 ddc
|c BK
|
| 999 |
|
|
|c 11710
|d 11710
|
| 952 |
|
|
|0 0
|1 0
|2 ddc
|4 0
|6 079_540000000000000_MUR
|7 0
|9 16540
|a MAIN
|b MAIN
|d 2015-07-07
|e Professional Book Centre
|g 450.00
|l 3
|m 1
|o 079.54 MUR
|p 16795
|r 2018-07-02
|s 2018-06-27
|t 1
|w 2015-07-07
|y BK
|